| 000 | 00599cam a22002293a 4500 | ||
|---|---|---|---|
| 001 | 31241 | ||
| 003 | PGUSA | ||
| 005 | 20140828083657.0 | ||
| 008 | 100209s2010||||xxu|||||s|||||000 1 eng d | ||
| 040 |
_aPGUSA _beng |
||
| 042 | _adc | ||
| 050 | 4 | _aPR | |
| 100 | 1 |
_aMcFee, William, _d1881-1966 |
|
| 245 | 1 | 0 |
_aAliens _h[electronic resource] / _cWilliam McFee |
| 260 |
_bProject Gutenberg, _c2010 |
||
| 506 | _aPublic domain in the USA. | ||
| 516 | _aElectronic text | ||
| 653 | _aFiction | ||
| 830 | 0 |
_aProject Gutenberg _v31241 |
|
| 856 | 4 | 0 | _uhttp://www.gutenberg.org/ebooks/31241 |
| 942 | _cEB | ||
| 999 |
_c260496 _d260496 |
||